| 000 | 00341nam a2200133Ia 4500 | ||
|---|---|---|---|
| 005 | 20260328104328.0 | ||
| 008 | 260328s9999||||xx |||||||||||||| ||und|| | ||
| 100 | _aSjoberg, Gideon | ||
| 245 | 4 |
_aThe PreIndustrial City : _b Past and Present / _cGideon Sjoberg |
|
| 260 | _bFree Press | ||
| 300 | _a353 p. | ||
| 650 | _aHISTORIA | ||
| 942 | _cBK | ||
| 999 |
_c11586 _d11586 |
||